Not much time for the Third World; (Record no. 9024)
[ view plain ]
| 000 -LEADER | |
|---|---|
| fixed length control field | 00987cam a2200313 4500 |
| 001 - CONTROL NUMBER | |
| JCCL Control Number | 9024 |
| 003 - CONTROL NUMBER IDENTIFIER | |
| JCCL marc code | BD-JhCC |
| 005 - DATE AND TIME OF LATEST TRANSACTION | |
| control field | 20200205134007.0 |
| 008 - FIXED-LENGTH DATA ELEMENTS--GENERAL INFORMATION | |
| fixed length control field | 730424s1972 enk b 000 0 eng |
| 020 ## - INTERNATIONAL STANDARD BOOK NUMBER | |
| International Standard Book Number | 0854962212 |
| 035 ## - SYSTEM CONTROL NUMBER | |
| system control number | (BD-JhCC)9024 |
| 040 ## - CATALOGING SOURCE | |
| Original cataloging agency | DLC |
| Transcribing agency | DLC |
| Modifying agency | DLC |
| -- | BD-JhCC |
| 041 1# - LANGUAGE CODE | |
| Language code of Book | engger |
| 050 00 - LIBRARY OF CONGRESS CALL NUMBER | |
| Classification number | HC59.7 |
| Item number | .E6513 |
| 082 00 - DEWEY DECIMAL CLASSIFICATION NUMBER | |
| Classification number | 338.91/172/4 |
| Author mark and Year | EPP 1972 |
| 100 1# - MAIN ENTRY--PERSONAL NAME | |
| Personal name | Eppler, Erhard, |
| Dates associated with a name | 1926- |
| 240 10 - UNIFORM TITLE | |
| Uniform title | Wenig Zeit für die Dritte Welt. |
| 245 10 - TITLE STATEMENT | |
| Title | Not much time for the Third World; |
| Statement of responsibility, etc | translated from the German by Gerard Finan. |
| 260 ## - PUBLICATION, DISTRIBUTION, ETC. (IMPRINT) | |
| Place of publication, distribution, etc | London, |
| Name of publisher, distributor, etc | Wolff, |
| Date of publication, distribution, etc | 1972. |
| 300 ## - PHYSICAL DESCRIPTION | |
| Pagination | 143 p. |
| Dimensions | 19 cm. |
| 350 ## - PRICE (NR) (BK AM CF MU VM SE) [OBSOLETE] | |
| Price | £1.00 |
| 500 ## - GENERAL NOTE | |
| General note | Translation of Wenig Zeit für die Dritte Welt. |
| 504 ## - BIBLIOGRAPHY, ETC. NOTE | |
| Bibliography, etc | Bibliography: p. 140-143. |
| 650 #0 - SUBJECT ADDED ENTRY--TOPICAL TERM | |
| Topical term or geographic name as entry element | Economic assistance, German |
| Geographic subdivision | Developing countries. |
| 650 #0 - SUBJECT ADDED ENTRY--TOPICAL TERM | |
| Topical term or geographic name as entry element | Technical assistance, German |
| Geographic subdivision | Developing countries. |
| 651 #0 - SUBJECT ADDED ENTRY--GEOGRAPHIC NAME | |
| Geographic name | Developing countries |
| General subdivision | Economic conditions. |
| 942 ## - ADDED ENTRY ELEMENTS (KOHA) | |
| Source of classification or shelving scheme | Dewey Decimal Classification |
| Koha item type | Books |
| Koha issues (borrowed), all copies | 2 |
| Source of classification or shelving scheme | Damaged status | Not for loan | Home library | Current library | Shelving location | Total Checkouts | Full call number | Barcode | Date last seen | Date checked out | Copy number | Koha item type |
|---|---|---|---|---|---|---|---|---|---|---|---|---|
| Dewey Decimal Classification | JCC Rouf Library | JCC Rouf Library | General Stacks | 1 | 338.91/172/4 EPP 1972 | 11245 | 02/18/2020 | 02/04/2020 | C - 1 | Books |